<?xml version="1.0" encoding="UTF-8"?>
<record
    xmlns:xsi="http://www.w3.org/2001/XMLSchema-instance"
    xsi:schemaLocation="http://www.loc.gov/MARC21/slim http://www.loc.gov/standards/marcxml/schema/MARC21slim.xsd"
    xmlns="http://www.loc.gov/MARC21/slim">

  <leader>01036nam a2200229   4500</leader>
  <controlfield tag="005">20250408120629.0</controlfield>
  <controlfield tag="007">000</controlfield>
  <controlfield tag="008">000</controlfield>
  <datafield tag="040" ind1=" " ind2=" ">
    <subfield code="a">UOEL</subfield>
  </datafield>
  <datafield tag="050" ind1=" " ind2=" ">
    <subfield code="a">QL737.C4</subfield>
    <subfield code="b">.C59 1981</subfield>
  </datafield>
  <datafield tag="245" ind1=" " ind2=" ">
    <subfield code="a">Reproduction in Whales, Dolphins and Porpoises : Proceedings of the confrerence cetacean reproduction : Estimating parameters for stock assessment and management, La Jolla, California 28 Nov-7 Dec 1981 /</subfield>
    <subfield code="c">edited by William F. Perrin, Robert L. Brownell, Douglas P. DeMaster.</subfield>
  </datafield>
  <datafield tag="260" ind1=" " ind2=" ">
    <subfield code="a">Cambridge :</subfield>
    <subfield code="b">Cambridge University Press ,</subfield>
    <subfield code="c">c1984.</subfield>
  </datafield>
  <datafield tag="300" ind1=" " ind2=" ">
    <subfield code="a">xii, 495p. :</subfield>
    <subfield code="b">ill.</subfield>
  </datafield>
  <datafield tag="440" ind1=" " ind2=" ">
    <subfield code="p">Reports of the International Whaling Commission. Special issue,</subfield>
    <subfield code="v">6</subfield>
  </datafield>
  <datafield tag="500" ind1=" " ind2=" ">
    <subfield code="a">includes index</subfield>
  </datafield>
  <datafield tag="650" ind1=" " ind2=" ">
    <subfield code="a">Reproduction, Whales</subfield>
    <subfield code="x">Zoology</subfield>
  </datafield>
  <datafield tag="700" ind1=" " ind2=" ">
    <subfield code="a">Perrin, William F.</subfield>
  </datafield>
  <datafield tag="700" ind1=" " ind2=" ">
    <subfield code="a">Brownell, Robert L.</subfield>
  </datafield>
  <datafield tag="700" ind1=" " ind2=" ">
    <subfield code="a">DeMaster Douglas P.</subfield>
  </datafield>
  <datafield tag="711" ind1=" " ind2=" ">
    <subfield code="a">Proceedings of the conference Cetacean reproduction : estimating parameters for stock assesment and management</subfield>
    <subfield code="c">(La Jolla, California :</subfield>
    <subfield code="d">28 November-7 December 1981)</subfield>
  </datafield>
  <datafield tag="942" ind1=" " ind2=" ">
    <subfield code="2">lcc</subfield>
    <subfield code="c">BK</subfield>
  </datafield>
  <datafield tag="999" ind1=" " ind2=" ">
    <subfield code="c">1474</subfield>
    <subfield code="d">1474</subfield>
  </datafield>
  <datafield tag="952" ind1=" " ind2=" ">
    <subfield code="0">0</subfield>
    <subfield code="1">0</subfield>
    <subfield code="2">lcc</subfield>
    <subfield code="4">0</subfield>
    <subfield code="7">0</subfield>
    <subfield code="a">UOE</subfield>
    <subfield code="b">UOE</subfield>
    <subfield code="c">GEN</subfield>
    <subfield code="d">2014-11-26</subfield>
    <subfield code="l">0</subfield>
    <subfield code="o">QL737.C4 .C59 1981</subfield>
    <subfield code="p">10018405</subfield>
    <subfield code="r">2026-04-27 11:48:36</subfield>
    <subfield code="t">10018405</subfield>
    <subfield code="w">2014-11-26</subfield>
    <subfield code="y">LL</subfield>
  </datafield>
  <datafield tag="952" ind1=" " ind2=" ">
    <subfield code="0">0</subfield>
    <subfield code="1">0</subfield>
    <subfield code="2">lcc</subfield>
    <subfield code="4">0</subfield>
    <subfield code="7">0</subfield>
    <subfield code="a">UOE</subfield>
    <subfield code="b">UOE</subfield>
    <subfield code="c">GEN</subfield>
    <subfield code="d">2014-11-26</subfield>
    <subfield code="l">0</subfield>
    <subfield code="o">QL737.C4 .C59 1981</subfield>
    <subfield code="p">10015760</subfield>
    <subfield code="r">2026-04-27 11:48:37</subfield>
    <subfield code="t">10015760</subfield>
    <subfield code="w">2014-11-26</subfield>
    <subfield code="y">LL</subfield>
  </datafield>
  <datafield tag="952" ind1=" " ind2=" ">
    <subfield code="0">0</subfield>
    <subfield code="1">0</subfield>
    <subfield code="2">lcc</subfield>
    <subfield code="4">0</subfield>
    <subfield code="7">0</subfield>
    <subfield code="a">UOE</subfield>
    <subfield code="b">UOE</subfield>
    <subfield code="c">GEN</subfield>
    <subfield code="d">2014-11-26</subfield>
    <subfield code="l">0</subfield>
    <subfield code="o">QL737.C4 .C59 1981</subfield>
    <subfield code="p">10018404</subfield>
    <subfield code="r">2026-04-27 11:48:38</subfield>
    <subfield code="t">10018404</subfield>
    <subfield code="w">2014-11-26</subfield>
    <subfield code="y">LL</subfield>
  </datafield>
  <datafield tag="952" ind1=" " ind2=" ">
    <subfield code="0">0</subfield>
    <subfield code="1">0</subfield>
    <subfield code="2">lcc</subfield>
    <subfield code="4">0</subfield>
    <subfield code="7">0</subfield>
    <subfield code="a">UOE</subfield>
    <subfield code="b">UOE</subfield>
    <subfield code="c">GEN</subfield>
    <subfield code="d">2014-11-26</subfield>
    <subfield code="l">0</subfield>
    <subfield code="o">QL737.C4 .C59 1981</subfield>
    <subfield code="p">10015761</subfield>
    <subfield code="r">2026-04-27 11:48:39</subfield>
    <subfield code="t">10015761</subfield>
    <subfield code="w">2014-11-26</subfield>
    <subfield code="y">LL</subfield>
  </datafield>
  <datafield tag="952" ind1=" " ind2=" ">
    <subfield code="0">0</subfield>
    <subfield code="1">0</subfield>
    <subfield code="2">lcc</subfield>
    <subfield code="4">0</subfield>
    <subfield code="7">0</subfield>
    <subfield code="a">UOE</subfield>
    <subfield code="b">UOE</subfield>
    <subfield code="c">GEN</subfield>
    <subfield code="d">2014-11-26</subfield>
    <subfield code="l">0</subfield>
    <subfield code="o">QL737.C4 .C59 1981</subfield>
    <subfield code="p">10015762</subfield>
    <subfield code="r">2026-04-27 11:48:39</subfield>
    <subfield code="t">10015762</subfield>
    <subfield code="w">2014-11-26</subfield>
    <subfield code="y">LL</subfield>
  </datafield>
  <datafield tag="952" ind1=" " ind2=" ">
    <subfield code="0">0</subfield>
    <subfield code="1">0</subfield>
    <subfield code="2">lcc</subfield>
    <subfield code="4">0</subfield>
    <subfield code="7">0</subfield>
    <subfield code="a">UOE</subfield>
    <subfield code="b">UOE</subfield>
    <subfield code="c">GEN</subfield>
    <subfield code="d">2014-11-26</subfield>
    <subfield code="l">0</subfield>
    <subfield code="o">QL737.C4 .C59 1981</subfield>
    <subfield code="p">10018406</subfield>
    <subfield code="r">2026-04-27 11:48:37</subfield>
    <subfield code="t">10018406</subfield>
    <subfield code="w">2014-11-26</subfield>
    <subfield code="y">LL</subfield>
  </datafield>
  <datafield tag="952" ind1=" " ind2=" ">
    <subfield code="0">0</subfield>
    <subfield code="1">0</subfield>
    <subfield code="2">lcc</subfield>
    <subfield code="4">0</subfield>
    <subfield code="7">0</subfield>
    <subfield code="a">UOE</subfield>
    <subfield code="b">UOE</subfield>
    <subfield code="c">GEN</subfield>
    <subfield code="d">2025-04-08</subfield>
    <subfield code="l">0</subfield>
    <subfield code="o">QL737.C4 .C59 1981</subfield>
    <subfield code="p">861761</subfield>
    <subfield code="r">2026-04-27 11:48:40</subfield>
    <subfield code="t">861761</subfield>
    <subfield code="w">2025-04-08</subfield>
    <subfield code="y">LL</subfield>
  </datafield>
</record>
